A quelle heure ? - Statistiques

Statistiques générales
  • Ce quiz a été pris 205 fois
  • Le résultat moyen est 9 sur 10
Statistiques - réponses
Question Réponse % Correct
A quelle heure le coq est-il le plus susceptible de chanter ? 06h00
100%
A quelle heure mange-t-on le petit-déjeuner ? 08h00
100%
A quelle heure mange-t-on le déjeuner ? 12h00
100%
A quelle heure mange-t-on le diner ? 20h00
100%
Il est 18h15. Quelle heure sera-t-il dans 125 minutes ? 20h20
100%
A quoi correspond cet horaire : 12h00 C'est l'heure de manger son déjeuner !
100%
A quoi correspond cet horaire : 16h00 C'est l'heure de prendre son gouter !
100%
A quoi correspond cet horaire : 20h00 C'est l'heure du journal télévisé du soir après le jeu télévisé !
86%
Il est 15h08. Quelle heure sera-t-il dans 01h00 et 56 minutes ? 17h04
43%
A quelle heure commence la soirée ? 17h30 / 18h00
29%
Aucun quiz correspondant
Distribution des résultats
% des personnes avec chaque résultat
Percentile par nombre de réponses
Votre historique - résultats
Vous n’avez pas pris ce quiz